[Event "TUR-chT Clubs"]
[Site "Konya"]
[Date "2019.07.20"]
[Round "8.20"]
[White "Ucar, Mehmet Ali"]
[Black "Topal, Gorkem"]
[Result "0-1"]
[WhiteElo "1182"]
[BlackElo "1140"]
[PlyCount "86"]
[EventDate "2019.07.16"]
[EventType "team-swiss"]
[EventRounds "9"]
[EventCountry "TUR"]
[SourceTitle "CBM 191 Extra"]
[Source "ChessBase"]
[SourceDate "2019.09.30"]
[SourceVersion "1"]
[SourceVersionDate "2019.09.30"]
[SourceQuality "1"]
[WhiteTeam "Koy Hizmetleri Kastamonu"]
[BlackTeam "Kadirli Savrun"]
[WhiteTeamCountry "TUR"]
[BlackTeamCountry "TUR"]

1. d4 d5 2. Bf4 Nf6 3. e3 Bf5 4. Nf3 e6 5. c4 Be7 6. Nc3 0-0 7. Qb3 b6 8. Be2 c6 9. 0-0 Nbd7 10. Rac1 dxc4 11. Qxc4 c5 12. Nb5 Nd5 13. Bg3 N7f6 14. Bd3 Be4 15. Ne5 a6 16. Nc6 axb5 17. Bxe4 bxc4 18. Nxd8 Nxe4 19. Nc6 Nxg3 20. hxg3 Rfc8 21. Nxe7+ Nxe7 22. Rxc4 cxd4 23. Rxd4 Rxa2 24. Rfd1 g6 25. Rd7 Nf5 26. e4 Nh6 27. R7d2 Rca8 28. f3 Ra1 29. Rxa1 Rxa1+ 30. Kf2 Ra2 31. Ke3 Kg7 32. Kd4 Ra4+ 33. Kc3 Ng8 34. Rd6 Ra6 35. b4 Ra2 36. Rd2 Rxd2 37. Kxd2 Kf8 38. Kc3 Ke7 39. Kc4 Kd6 40. Kb5 Kc7 41. e5 Ne7 42. f4 Nf5 43. g4 Ne3 0-1

[Event "TUR-chT Clubs"]
[Site "Konya"]
[Date "2019.07.19"]
[Round "6.11"]
[White "Ucar, Mehmet Ali"]
[Black "Banci, Dogancan"]
[Result "0-1"]
[WhiteElo "1182"]
[BlackElo "1643"]
[PlyCount "58"]
[EventDate "2019.07.16"]
[EventType "team-swiss"]
[EventRounds "9"]
[EventCountry "TUR"]
[SourceTitle "CBM 191 Extra"]
[Source "ChessBase"]
[SourceDate "2019.09.30"]
[SourceVersion "1"]
[SourceVersionDate "2019.09.30"]
[SourceQuality "1"]
[WhiteTeam "Koy Hizmetleri Kastamonu"]
[BlackTeam "Afyonkarahisar Basari"]
[WhiteTeamCountry "TUR"]
[BlackTeamCountry "TUR"]

1. d4 Nf6 2. c4 c5 3. d5 b5 4. Qc2 d6 5. cxb5 Nxd5 6. e4 Nf6 7. Nc3 Nbd7 8. Bc4 Ne5 9. Nd5 Nxc4 10. Qxc4 Be6 11. Nxf6+ exf6 12. Qc3 Be7 13. Ne2 0-0 14. Be3 f5 15. e5 dxe5 16. Qxe5 Qa5+ 17. Nc3 Bf6 18. Qxc5 Rfc8 19. Qd6 Bxc3+ 20. bxc3 Qxc3+ 21. Ke2 Bc4+ 22. Kf3 Rd8 23. Qc5 Bd5+ 24. Kg3 f4+ 25. Kxf4 Qf6+ 26. Kg3 Qg6+ 27. Kf4 Qe4+ 28. Kg3 Qxg2+ 29. Kh4 Be6 0-1